000 005900000a22002170004500
003 LK-CoMWRAF
005 20231206125839.0
008 230817t1991 ||||| |||| 00| 0 eng d
020 _a9780743468602
040 _aLK-CoMWRAF
_dLK-CoMWRAF
_eLK-CoMWRAF
041 _aeng
082 _a303.34
_bCOV
100 _aCovey, Stephen R.
245 _aPrinciple-Centred Leadership
260 _aLondon:
_bPoket Books
_c2002
300 _a334 p. : ill. ; 24 cm.
_bIndex included
650 _aLEADERSHIP
650 _aSuccess-Psychological aspects
650 _aSuccess in business
942 _cBK
999 _c760
_d760